Jednota robotníckej triedy a všetkého ľudu rozhodujúca záruka Víťazného februára 1948

Bibliographic Details
Main Author: Klementová, Jitka (Author)
Format: Article
Language:Slovak
PhysicalDescription:Obr. 2.
Subjects:

MARC

LEADER 00000nab a2200000 a 4500
001 vtls000306414
003 SK-MaSNL
005 20260302214755.0
008 111201c1988 xo 0 slo
015 |a SNBRB19rr/mm-uuuuu 
035 |a CL0316533 
040 |a SNKBUCL  |b slo  |c SNKBUCL  |e AACR2 
041 0 |a slo 
044 |a xo  |c SK 
080 |a 943.7  |2 1981 
080 |a 331.88(437)  |2 1981 
100 1 |a Klementová, Jitka  |4 aut  |9 386381 
245 1 0 |a Jednota robotníckej triedy a všetkého ľudu rozhodujúca záruka Víťazného februára 1948  |c Klementová Jitka ; Jitka Klementová 
300 |b Obr. 2. 
610 2 7 |a Revolučné odborové hnutie  |2 snkbucl  |9 36449 
650 0 7 |a Február (1948 : Československo)  |2 snkbucl  |9 83931 
655 7 |a články z novín a časopisov  |2 snkbucl  |9 267496 
700 1 |a Klementová, Jitka  |4 aut  |9 386381 
773 0 |t Odborár  |g Roč. 42, č. 3 (1988), s. 6-8 
850 |a Slovenská národná knižnica v Martine  |a MTA001 
852 |a SNK  |b KIS3GCP 
992 |a RBX 
999 |c 1499464  |d 1501394